Statistiques concernant Provinces de la Belgique - Carte Quiz

Cliquez ici pour prendre le quiz!

Statistiques générales

  • Ce quiz a été pris 7 586 fois
    (7 551 depuis la dernière actualisation)
  • Le résultat moyen est 7 sur 11

Réponses sur la Carte

Les réponses sont colorées sur une échelle allant du rouge au vert en fonction du pourcentage des utilisateurs qui les ont devinées à leur premier essai. Vous pouvez retrouver ces pourcentages ci-dessous.
 

Statistiques - réponses

Réponse% Correct
Bruxelles
89%
Luxembourg
77%
Anvers
68%
Flandre-Orientale
67%
Flandre-Occidentale
66%
Liège
66%
Brabant Flamand
65%
Brabant Wallon
63%
Namur
61%
Hainaut
59%
Limbourg
51%

Distribution des résultats

Percentile par nombre de réponses

% des personnes avec chaque résultat

Votre développement - résultats

Vous n’avez pas pris ce quiz depuis la dernière actualisation